Powiaty o takich samych nazwach - Statystyki

Ogólne statystyki
  • Ten quiz został rozwiązany 1 435 razy
  • Średni wynik to 6 z 10
Statystyki odpowiedzi
Województwa Powiaty % Poprawnych
śląskie / podlaskie bielski
71%
lubelskie / opolskie opolski
68%
lubelskie / łódzkie tomaszowski
62%
mazowieckie / pomorskie nowodworski
60%
małopolskie / opolskie brzeski
58%
mazowieckie / wielkopolskie ostrowski
56%
mazowieckie / wielkopolskie grodziski
51%
lubuskie / podkarpackie krośnieński
51%
dolnośląskie / wielkopolskie średzki
49%
dolnośląskie / lubelskie świdnicki
45%
Nie znaleziono quizów pasujących do podanych kryteriów
Rozkład punktacji
Procent ludzi z każdym wynikiem
Percentyl według liczby udzielonych odpowiedzi
Twoja historia wyników
Nie rozwiązałeś tego quizu